Vector calculus (Record no. 11815)
[ view plain ]
| 000 -LEADER | |
|---|---|
| fixed length control field | 00374nam a22001577a 4500 |
| 020 ## - INTERNATIONAL STANDARD BOOK NUMBER | |
| International Standard Book Number | 9780321780652 |
| 082 ## - DEWEY DECIMAL CLASSIFICATION NUMBER | |
| Classification number | 515.63 COL |
| 100 ## - MAIN ENTRY--PERSONAL NAME | |
| Personal name | Colley, Susan Jane |
| 245 ## - TITLE STATEMENT | |
| Title | Vector calculus |
| 250 ## - EDITION STATEMENT | |
| Edition statement | 4th ed. |
| 260 ## - PUBLICATION, DISTRIBUTION, ETC. | |
| Place of publication, distribution, etc. | Boston |
| Name of publisher, distributor, etc. | Pearson Education |
| Date of publication, distribution, etc. | 2012 |
| 300 ## - PHYSICAL DESCRIPTION | |
| Extent | xv, 603 p. : |
| Accompanying material | 27 cm |
| 650 ## - SUBJECT ADDED ENTRY--TOPICAL TERM | |
| Topical term or geographic name entry element | Vector analysis |
| 700 ## - ADDED ENTRY--PERSONAL NAME | |
| Personal name | Susan Jane Colley |
| 942 ## - ADDED ENTRY ELEMENTS (KOHA) | |
| Koha item type | Book |
| Withdrawn status | Lost status | Damaged status | Not for loan | Collection code | Permanent Location | Current Location | Shelving location | Date acquired | Source of acquisition | Cost, normal purchase price | Total Checkouts | Total Renewals | Full call number | Barcode | Checked out | Date last seen | Date last checked out | Price effective from | Koha item type |
|---|---|---|---|---|---|---|---|---|---|---|---|---|---|---|---|---|---|---|---|
| Central Library (CL) | Central Library (CL) | General Stacks | 04/22/2013 | Progressive International Agencies | 12729.41 | 3 | 1 | 515.63 COL | SEECS012299 | 07/13/2021 | 03/15/2021 | 03/15/2021 | 04/23/2013 | Book |
